000 00414nam a2200181Ia 4500
001 16214
005 20260306170253.0
008 260306t2006||||xx |||||||||||||| ||und||
041 _aESP
082 _a347.41
_bR54
100 _aRichter Valdivia, Pedro [1957-...]
_eAUT
245 0 _aEl contrato de seguro
260 _c2006
300 _a
_c
650 _aGEN
654 _aCDE
942 _cLIB
_dJUS
_fJUS
_2ddc
_n
999 _c16214
_d16214